000 00604nam a2200217 4500
001 00028561
005 20260313100022.0
008 260313b ag ||||| |||| 00| 0 spa d
020 _a9788496829343
040 _bspa
_aAR-CcCEOS
_cAR-CcCEOS
041 _aspa
080 _a940.54
090 _bHER
100 1 _aHérubel, Michel
_9888
245 _aLa batalla de las Ardenas :
_bDiciembre de 1944 - Enero de 1945 /
_cMichel Herubel
250 _a1ª ed.
264 _aBarcelona :
_bInédita,
_cc2006.
300 _a314 p. ;
_c19x14 cm.
655 0 _ahistoria
_958
_zArgentina
942 _2udc
_n0
_cBK
999 _c28591
_d28591